COMMON MISRAKES CLINICAL MEDICINE (Record no. 216939)

MARC details
000 -LEADER
fixed length control field 00372nam a22001457a 4500
008 - FIXED-LENGTH DATA ELEMENTS--GENERAL INFORMATION
fixed length control field 260414b |||||||| |||| 00| 0 eng d
020 ## - INTERNATIONAL STANDARD BOOK NUMBER
International Standard Book Number 978-93-5152-418-2
050 ## - LIBRARY OF CONGRESS CALL NUMBER
Classification number RC 46.P33 2016
Item number 1
100 ## - MAIN ENTRY--PERSONAL NAME
Personal name Padhiary,kashinath
245 ## - TITLE STATEMENT
Title COMMON MISRAKES CLINICAL MEDICINE
250 ## - EDITION STATEMENT
Edition statement SECOND
260 ## - PUBLICATION, DISTRIBUTION, ETC.
Place of publication, distribution, etc. NEW DELHI
Date of publication, distribution, etc. 2016
942 ## - ADDED ENTRY ELEMENTS (KOHA)
Source of classification or shelving scheme Library of Congress Classification
Koha item type Long Loan Book
Holdings
Withdrawn status Lost status Source of classification or shelving scheme Damaged status Not for loan Collection Home library Current library Shelving location Date acquired Inventory number Total checkouts Full call number Barcode Date last seen Copy number Price effective from Koha item type
    Library of Congress Classification     Medicine Kisii University Library Kisii University Library On Display 04/14/2026 112842   RC 46 .P33 2016 A001494 04/14/2026 C.1 04/14/2026 Long Loan Book
    Library of Congress Classification     Medicine Kisii University Library Kisii University Library On Display 04/14/2026 112843   RC 46 .P33 2016 A001493 04/14/2026 C.2 04/14/2026 Long Loan Book
    Library of Congress Classification     Medicine Kisii University Library Kisii University Library On Display 04/14/2026 112844   RC 46 .P33 2016 A001496 04/14/2026 C.3 04/14/2026 Long Loan Book
    Library of Congress Classification     Medicine Kisii University Library Kisii University Library On Display 04/14/2026 112845   RC 46 .P33 2016 A001495 04/14/2026 C.4 04/14/2026 Long Loan Book